Responses for Show #6093 - Wednesday, February 23, 2011

2011 Teen Tournament quarterfinal game 5.

Contestants

[<< previous game]

Carlee Jensen, a senior from Santa Monica, California

Erin Hart, a junior from Benton Harbor, Michigan

Raynell Cooper, a senior from Rockville, Maryland

[next game >>]

Jeopardy! Round responses

QUICK LIT
SPORTS BY THE NUMBERS
THE PLACE TO "B"
TEENAGE DREAM
KIDS' SONGS IN OTHER WORDS
SOCIAL STUDIES
    $200 2
Huck Finn

Carlee
    $200 26
football

Erin
    $200 7
Brooklyn

Raynell
    $200 20
Mt. Everest

Erin
    $200 12
"Mary Had A Little Lamb"

Erin
    $200 1
a commune

Carlee
    $1,000 3
The Scarlet Letter

Carlee
    $400 27
baseball

Raynell
    $400 8
Bangor

Raynell
    $400 22
an astronaut

Erin
    $400 13
"Twinkle, Twinkle, Little Star"

Raynell
    $400 14
Chicago

Erin
    $600 4
doves

Triple Stumper
    $600 28
golf

Raynell
    $600 9
British Columbia

Raynell
    $600 23
Amazon

Erin
    $600 15
"Three Blind Mice"

Erin
    $600 17
(Erin: What is India?)

Bangladesh

RaynellErin
    $800 5
(Raynell: Uh, what... is... uh, Mockingbird?)
(Alex: No.)
(Raynell: ...jay!)

Mockingjay

RaynellCarlee
    $800 29
tennis

Raynell
    $800 10
Babylon

Raynell
    $800 24
(Carlee: What is the Northwest Passage?)

the Panama Canal

RaynellCarlee
    $800 16
"Old MacDonald Had A Farm"

Raynell
    $800 18
status

Raynell
    $1000 6
the Iliad

Erin
    $1000 30
(Raynell: What is bowling?)

boxing

Raynell
Triple Stumper
    $1000 11
(Raynell: What is Bahrain?)

Brunei

RaynellCarlee
    $1000 25
Ferrari

Carlee
    $1000 21
"The Bear Went Over The Mountain"

Erin
    $1000 19
a republic

Carlee

Scores at the first commercial break (after clue 15):

Raynell Erin Carlee
$600 $2,200 $3,200

Scores at the end of the Jeopardy! Round:

Raynell Erin Carlee
$4,400 $4,000 $4,400

Double Jeopardy! Round responses

THE 13 COLONIES
CELEBRITEENS
COLLECTIBLES
BIOLOGY GLOSSARY
10-LETTER WORDS
SO. CAL. STUDIES
    $400 13
New York

Erin
    $400 21
Taylor Swift

Erin
    $400 22
tokens

Raynell
    $400 7
fat

Carlee
    $400 1
windshield

Erin
    $400 4
a star

Erin
    $800 14
(Raynell: What is Connecticut?)

Rhode Island

RaynellErin
    $800 23
Britney Spears

Raynell
    $800 27
Pez

Carlee
    $800 8
metamorphosis

Erin
    $800 2
transplant

Erin
    $800 6
orange trees

Carlee
    $2,000 15
(Erin: What is... Vermont?)
(Alex: No, you're way too far north.)

Georgia

Erin
    $1200 24
Zac Efron & Vanessa Hudgens

Erin
    $1200 28
Beanie Babies

Erin
    $1,500 10
light

Erin
    $1200 3
tambourine

Raynell
    $1200 18
San Diego

Raynell
    $1600 16
New Hampshire

Raynell
    $1600 25
(Raynell: Uh, who is The Situation?)

Kyle Massey

RaynellErin
    $1600 29
shells

Erin
    $1600 11
a fetus

Erin
    $1600 5
ventilator

Raynell
    $1600 19
springs

Raynell
    $2000 17
(Carlee: What is Baltimore?)
...
(Alex: Yes, it was Lord Baltimore, but the [*] family.)

Calvert

RaynellCarlee
    $2000 26
Dakota Fanning

Raynell
    $2000 30
coin collecting

Erin
    $2000 12
mutation

Triple Stumper
    $2000 9
foreshadow

Erin
    $2000 20
(Alex: [*] in them there hills.)

gold

Triple Stumper

Scores at the end of the Double Jeopardy! Round:

Raynell Erin Carlee
$14,400 $18,700 $4,400

Final Jeopardy! Round responses

AMERICAN LIT
(Alex: This short story was "The Tell-Tale Heart", and it was written, as you wrote down, by [*].)
...
(Alex: Congratulations to you, young lady. And now let me introduce the four other winners of quarterfinal games. Here they are.)
(Brandon: Brandon Welch, Grayson, Georgia.)
(Kailyn: Kailyn LaPorte, Decatur, Georgia.)
(Nikhil: Nikhil Desai, Fremont, California.)
(Idrees: Idrees Kahloon, Lexington, Kentucky.)
(Alex: And now the four highest scorers among non-winners.)
(Raya: Raya Elias-Pushett, Aventura, Florida.)
(Lindsay: Lindsay Thiesfeld, Clarendon Hills, Illinois.)
(Kate: Kate Wadman, Tucson, Arizona.)
(Alex: And one more--the young gentleman standing right here, Raynell Cooper. He also becomes a semifinalist. Come on over. Tomorrow, the first of our semifinals. Please join us then. So long, everybody.)
CarleeWho is Edgar Allan Poe?
$4,400
RaynellWho is Poe?
$2,500
ErinWho is Edgar Allan Poe?
$5,500
Edgar Allan Poe

Final scores:

Raynell Erin Carlee
$16,900 $24,200 $8,800
2nd place: $5,000 if eliminated Automatic semifinalist 3rd place: $5,000 if eliminated

Game dynamics:

Coryat scores:

Raynell Erin Carlee
$14,400 $20,400 $3,800
21 R,
5 W
24 R
(including 1 DD),
2 W
(including 1 DD)
10 R
(including 1 DD),
2 W

Combined Coryat: $38,600

[game clues] [game scores] [suggest correction]

Game tape date: 2010-12-06
The J! Archive is created by fans, for fans. Scraping, republication, monetization, and malicious use prohibited; this site may use cookies and collect identifying information. See terms. The Jeopardy! game show and all elements thereof, including but not limited to copyright and trademark thereto, are the property of Jeopardy Productions, Inc. and are protected under law. This website is not affiliated with, sponsored by, or operated by Jeopardy Productions, Inc. Join the discussion at JBoard.tv.